Pueblos indígenas : nuestra visión del desarrollo /

Memoria del primer Encuentro sobre Cooperación y Pueblos Indios convocado por Mugarik Gabe, Organización de Cooperación al Desarrollo (ONGD) que trabaja en Navarra, España desde 1987. Esta Organización no Gubernamental nació para apoyar proyectos de cooperación de Centroamérica, posteriormente exten...

Fuld beskrivelse

Guardado en:
Bibliografiske detaljer
Institution som forfatter: Encuentro sobre Cooperación y Pueblos Indios ( Vitoria-Gasteiz, España)
Format: Procedimiento de la conferencia Bog
Sprog:spansk
Udgivet: Barcelona, España : Icaria, 1995, c1995
Serier:(Antrazyt ; 79)
Fag:
Tags: Tilføj Tag
Ingen Tags, Vær først til at tagge denne postø!

MARC

LEADER 00000nam^a2200000^a^4500
001 000138792
005 20250521000000.0
009 20260310095439.809
020 |a 84-7426-248-8 
037 |a Acervo ITESO - Biblioteca 
041 |a ESP 
082 |a 306. 089980  |b ENC 1994 
111 |a Encuentro sobre Cooperación y Pueblos Indios (  |n 1o :  |d 1994 :  |c Vitoria-Gasteiz, España) 
245 1 0 |a Pueblos indígenas :  |b nuestra visión del desarrollo /  |c Pról. de Jesús González Pazos, Juan Carlos Molino Mencías. 
264 4 |a Barcelona, España :  |b Icaria,  |c 1995, c1995 
300 |a 142 p. 
336 |a texto  |b txt  |2 rdacontenido 
337 |a sin mediación  |b n  |2 rdamedio 
338 |a volumen  |b nc  |2 rdasoporte 
440 1 |a (Antrazyt ;  |v 79) 
520 |a Memoria del primer Encuentro sobre Cooperación y Pueblos Indios convocado por Mugarik Gabe, Organización de Cooperación al Desarrollo (ONGD) que trabaja en Navarra, España desde 1987. Esta Organización no Gubernamental nació para apoyar proyectos de cooperación de Centroamérica, posteriormente extendió su colaboración con organizaciones del Caribe y el Norte de Sudamérica, incluso en México, ha realizado estudios. Apoyan principalmente proyectos de mujer, población indígena y derechos humanos. 
649 |a XX 
650 |a Indígenas -  |x Congresos 
650 |a Organizaciones No Gubernamentales 
650 |a Indígenas de América Central 
650 |a Indígenas de América del Sur 
650 |a Indígenas -  |x Condiciones Jurídicas 
650 |a Indígenas 
650 |a Pobreza 
650 |a Desarrollo Económico-Social 
650 |a Desarrollo Económico-Social 
650 |a Desarrollo Comunitario 
650 |a Derecho Indígena 
650 |a Derechos Civiles 
650 |a Política Indigenista 
650 |a Sociología de la Cultura 
650 |a Sociología 
910 |a Fondo General 
920 |a Impresos - Libros 
930 |a Colección General 
905 |a 101 
901 |a 0500067017  |b IT1  |c ACC  |u 20250521 
902 |a https://opac.biblio.iteso.mx/vufind/Record/000138792